000 00649nam a2200229Ia 4500
003 OSt
005 20220918182758.0
006 a|||||r|||| 00| 0
007 ta
008 220917b |||||||| |||| 00| 0 eng d
024 _a34,448
037 _cTextual
040 _aARTS
_cARTS
_beng
041 _2eng
_aeng
082 _aO111973:gx, J7 (EO)
100 _aVan Nostrand Albert D ed
_961203
245 0 _aLiterary criticism in America
260 _aNew York
_bLiberal Arts Press
_c1957
650 _aAMERICAN LITERATURE
942 _hO111973:gx, J7 (EO)
_cTEXL
_2CC
999 _c170348
_d170348